000 00550nam a2200193Ia 4500
005 20250326140514.0
008 250326s9999 xx 000 0 und d
020 _a0-87692-198-5
037 _aTextbook
040 _aFMSL
_beng
_cFMSL
041 _aeng
_2eng
084 _aX:512 M3;5
_qFMSL
100 _aStill Richarad
_9742485
245 0 _aSales management
_cStill And Others Richarad
260 _aNew Delhi
_bNew Delhi, Prentice Hall of India
_c1983
300 _a699p
942 _cTB
_hX:512 M3;5
999 _c1286100
_d1286100